[Event "Wch U18 Girls"]
[Site "Porto Carras"]
[Date "2015.10.31"]
[Round "6"]
[White "Ovezdurdiyeva, Jemal"]
[Black "Amrayeva, Aytan"]
[Result "1/2-1/2"]
[WhiteElo "1984"]
[BlackElo "2193"]
[PlyCount "69"]
[EventDate "2015.10.25"]
[EventType "swiss"]
[EventRounds "11"]
[EventCountry "GRE"]
[SourceTitle "CBM 169 Extra"]
[Source "ChessBase"]
[SourceDate "2015.12.18"]
[SourceVersion "1"]
[SourceVersionDate "2015.12.18"]
[SourceQuality "1"]

1. d4 f5 2. c4 g6 3. Nc3 Nf6 4. g3 Bg7 5. Bg2 d6 6. Bf4 Nbd7 7. e4 fxe4 8. Nxe4 Nxe4 9. Bxe4 0-0 10. Ne2 e5 11. dxe5 dxe5 12. Be3 Nf6 13. Qxd8 Rxd8 14. Bg2 Be6 15. b3 c6 16. 0-0 Ng4 17. Bg5 Rf8 18. Rad1 h6 19. Be7 Rfe8 20. Bc5 Bf5 21. h3 Nf6 22. g4 Be6 23. Ng3 Bf7 24. Rfe1 Re6 25. Ne4 Nxe4 26. Bxe4 Bf8 27. Be3 Be8 28. Rd3 Be7 29. Red1 Kg7 30. Bd2 Rc8 31. Bc3 Kg8 32. Re1 Bg5 33. Bd2 Bxd2 34. Rxd2 Kg7 35. Red1 1/2-1/2

[Event "Wch U18 Girls"]
[Site "Porto Carras"]
[Date "2015.10.29"]
[Round "5"]
[White "Amrayeva, Aytan"]
[Black "Terbe, Zsuzsanna"]
[Result "1/2-1/2"]
[WhiteElo "2193"]
[BlackElo "2160"]
[PlyCount "58"]
[EventDate "2015.10.25"]
[EventType "swiss"]
[EventRounds "11"]
[EventCountry "GRE"]
[SourceTitle "CBM 169 Extra"]
[Source "ChessBase"]
[SourceDate "2015.12.18"]
[SourceVersion "1"]
[SourceVersionDate "2015.12.18"]
[SourceQuality "1"]

1. e4 c5 2. Nc3 Nc6 3. g3 g6 4. Bg2 Bg7 5. Nge2 d6 6. 0-0 e6 7. d3 Nge7 8. Be3 0-0 9. Qd2 Rb8 10. Bh6 b5 11. Bxg7 Kxg7 12. d4 b4 13. Na4 Qa5 14. b3 Ba6 15. dxc5 dxc5 16. Rfd1 e5 17. f4 f6 18. Bf1 Nd4 19. Nxd4 cxd4 20. fxe5 fxe5 21. Nb2 Nc6 22. Bd3 Bc8 23. a3 Be6 24. axb4 Qxb4 25. Qxb4 Rxb4 26. Bc4 Bxc4 27. Nxc4 Rb7 28. Rd2 Re7 29. Kg2 Rf6 1/2-1/2

[Event "Wch U20 Girls 33rd"]
[Site "Khanty-Mansiysk"]
[Date "2015.09.11"]
[Round "9"]
[White "Sviridova, Vlada"]
[Black "Amrayeva, Aytan"]
[Result "1/2-1/2"]
[WhiteElo "2125"]
[BlackElo "2145"]
[PlyCount "77"]
[EventDate "2015.09.02"]
[EventType "swiss"]
[EventRounds "13"]
[EventCountry "RUS"]
[SourceTitle "EXT 2016"]
[Source "ChessBase"]
[SourceDate "2015.10.08"]
[SourceVersion "1"]
[SourceVersionDate "2015.10.08"]
[SourceQuality "1"]

1. d4 Nf6 2. c4 e6 3. Nc3 Bb4 4. g3 0-0 5. Bg2 d5 6. cxd5 exd5 7. Nh3 c6 8. 0-0 Re8 9. f3 c5 10. Nf2 cxd4 11. Nb5 Nc6 12. Nxd4 Nxd4 13. Qxd4 Ba5 14. Qd3 Qe7 15. e4 dxe4 16. fxe4 Ng4 17. Nxg4 Bxg4 18. Be3 Rad8 19. Qb5 b6 20. h3 Bd7 21. Qe2 Bc6 22. Rf4 a6 23. Rc1 Bb5 24. Qf2 Bb4 25. a3 Bd6 26. Rf5 Rc8 27. Rxc8 Rxc8 28. Bxb6 Rc1+ 29. Kh2 Rd1 30. Rd5 Rd3 31. Rxd3 Bxd3 32. Qe3 Bb5 33. b4 h5 34. Bc5 h4 35. Bxd6 Qxd6 36. e5 hxg3+ 37. Qxg3 Qd4 38. h4 Qb2 39. Kh1 1/2-1/2

[Event "Wch U20 Girls 33rd"]
[Site "Khanty-Mansiysk"]
[Date "2015.09.08"]
[Round "7"]
[White "Rodriguez Rueda, Paula Andrea"]
[Black "Amrayeva, Aytan"]
[Result "1-0"]
[WhiteElo "2358"]
[BlackElo "2145"]
[PlyCount "83"]
[EventDate "2015.09.02"]
[EventType "swiss"]
[EventRounds "13"]
[EventCountry "RUS"]
[SourceTitle "EXT 2016"]
[Source "ChessBase"]
[SourceDate "2015.10.08"]
[SourceVersion "1"]
[SourceVersionDate "2015.10.08"]
[SourceQuality "1"]

1. d4 e6 2. Nf3 Nf6 3. c4 d5 4. Nc3 Be7 5. Bf4 c6 6. e3 Ne4 7. Bd3 f5 8. 0-0 0-0 9. Rc1 Bd7 10. Nd2 Be8 11. f3 Nxd2 12. Qxd2 Bg6 13. Kh1 Kh8 14. Qc2 Bd6 15. Bxd6 Qxd6 16. Qb3 b6 17. c5 bxc5 18. dxc5 Qc7 19. Ne2 e5 20. f4 Nd7 21. Qc3 Rae8 22. b4 Nf6 23. a4 Ng4 24. Qd2 Qe7 25. h3 Nf6 26. b5 exf4 27. exf4 Qe3 28. Qxe3 Rxe3 29. Rf3 Rfe8 30. bxc6 R3e7 31. Nd4 Ne4 32. Bxe4 Rxe4 33. Nb5 Bh5 34. Rb3 Rc4 35. Rxc4 dxc4 36. Rb1 h6 37. Nd6 Re7 38. Nxc4 Kh7 39. Rb7 Re1+ 40. Kh2 Re2 41. c7 Bf3 42. Rb2 1-0

[Event "Baku op"]
[Site "Baku"]
[Date "2014.09.30"]
[Round "9"]
[White "Amrayeva, Aytan"]
[Black "Bayramov, Vougar"]
[Result "0-1"]
[WhiteElo "2144"]
[BlackElo "2254"]
[PlyCount "104"]
[EventDate "2014.09.22"]
[EventType "swiss"]
[EventRounds "9"]
[EventCountry "AZE"]
[SourceTitle "CBM 162 Extra"]
[Source "ChessBase"]
[SourceDate "2014.10.17"]
[SourceVersion "1"]
[SourceVersionDate "2014.10.17"]
[SourceQuality "1"]

1. c4 e5 2. Nc3 Nf6 3. g3 d6 4. Bg2 Be7 5. d3 0-0 6. e4 c6 7. Nge2 a6 8. a4 a5 9. 0-0 Na6 10. d4 exd4 11. Nxd4 Nc5 12. h3 Qb6 13. Kh2 Re8 14. Re1 g6 15. f4 Bf8 16. b3 Bg7 17. Bb2 Bd7 18. Ra2 Re7 19. Ba1 Rae8 20. Rae2 h5 21. Re3 Bc8 22. R3e2 Qc7 23. Kh1 Qb6 24. Kh2 Bh6 25. e5 dxe5 26. fxe5 Nh7 27. e6 Bxe6 28. Nxe6 Rxe6 29. Rxe6 Rxe6 30. Rxe6 Nxe6 31. Ne4 Bg7 32. Bxg7 Kxg7 33. Qd7 Nf6 34. Nxf6 Kxf6 35. Qd3 Qd4 36. Qf1+ Kg7 37. Qe1 Qc5 38. Qc3+ Nd4 39. Qe3 Qd6 40. h4 Nf5 41. Qc3+ Kf8 42. Kh3 Qd4 43. Qf3 Ne3 44. Kh2 Ng4+ 45. Kh1 Qa1+ 46. Bf1 Qe1 47. c5 Ne3 48. Kg1 Nxf1 49. Qxf1 Qxg3+ 50. Kh1 Qxh4+ 51. Kg2 Qg4+ 52. Kh2 h4 0-1

[Event "Baku op"]
[Site "Baku"]
[Date "2014.09.24"]
[Round "3"]
[White "Aghasiyev, Kamal"]
[Black "Amrayeva, Aytan"]
[Result "1-0"]
[WhiteElo "2394"]
[BlackElo "2144"]
[PlyCount "113"]
[EventDate "2014.09.22"]
[EventType "swiss"]
[EventRounds "9"]
[EventCountry "AZE"]
[SourceTitle "CBM 162 Extra"]
[Source "ChessBase"]
[SourceDate "2014.10.17"]
[SourceVersion "1"]
[SourceVersionDate "2014.10.17"]
[SourceQuality "1"]

1. d4 e6 2. Nf3 d5 3. c4 Nf6 4. g3 Be7 5. Bg2 Nbd7 6. 0-0 0-0 7. Nc3 c6 8. Nd2 Re8 9. e4 dxe4 10. Ndxe4 Nxe4 11. Nxe4 Nf6 12. Nc3 Qa5 13. Qe2 Bd7 14. Bf4 Rad8 15. a3 Bc8 16. Be5 Bd6 17. c5 Bxe5 18. dxe5 Nd5 19. Ne4 Qc7 20. Nd6 Rf8 21. Rac1 b6 22. b4 bxc5 23. Rxc5 f6 24. Rfc1 fxe5 25. Rxc6 Qd7 26. Bxd5 exd5 27. Qxe5 Qe6 28. Qxe6+ Bxe6 29. Nb7 Rde8 30. Nd6 Rd8 31. Re1 Bh3 32. f4 h6 33. b5 Rd7 34. Re5 d4 35. Nc4 d3 36. Nd2 Kh7 37. Kf2 Rfd8 38. Ke3 Bg2 39. Rce6 Rd4 40. Rc5 Ra4 41. Re7 Rxa3 42. Rcc7 Ra1 43. Rxg7+ Kh8 44. Rh7+ Kg8 45. Rcg7+ Kf8 46. Rh8+ Kxg7 47. Rxd8 Ra5 48. Rxd3 Rxb5 49. Rd7+ Kg6 50. Rxa7 Rc5 51. Ra6+ Kg7 52. g4 Rc3+ 53. Kd4 Rh3 54. Nc4 Bf1 55. Ra7+ Kf6 56. Ne5 Rxh2 57. Rf7+ 1-0

[Event "Baku op"]
[Site "Baku"]
[Date "2014.09.23"]
[Round "2"]
[White "Amrayeva, Aytan"]
[Black "Alakhverdiev, Araz"]
[Result "1-0"]
[WhiteElo "2144"]
[BlackElo "2277"]
[PlyCount "97"]
[EventDate "2014.09.22"]
[EventType "swiss"]
[EventRounds "9"]
[EventCountry "AZE"]
[SourceTitle "CBM 162 Extra"]
[Source "ChessBase"]
[SourceDate "2014.10.17"]
[SourceVersion "1"]
[SourceVersionDate "2014.10.17"]
[SourceQuality "1"]

1. c4 Nf6 2. Nc3 c5 3. g3 g6 4. Bg2 Bg7 5. d3 0-0 6. e4 d6 7. Nge2 Nc6 8. h3 a6 9. 0-0 Rb8 10. f4 Bd7 11. a4 Ne8 12. f5 Nd4 13. g4 b5 14. cxb5 axb5 15. a5 Bc6 16. Nxd4 Bxd4+ 17. Kh1 Ra8 18. Ne2 Bg7 19. Qe1 b4 20. Qh4 Bf6 21. g5 Bg7 22. Ra2 Be5 23. Bf4 Ng7 24. Ng3 b3 25. Ra3 Rxa5 26. Rxb3 Rb5 27. Rxb5 Bxb5 28. Bxe5 dxe5 29. f6 exf6 30. gxf6 Ne8 31. Qg5 Kh8 32. Qxe5 Qxd3 33. Qxc5 Kg8 34. Rf3 Qb1+ 35. Kh2 Qxb2 36. e5 Bd7 37. Ne4 Bf5 38. Ng3 Be6 39. Rf2 Qa1 40. Ne4 Bf5 41. Ng3 Be6 42. Rd2 Qa4 43. Rd8 Bd7 44. Qe7 Bc6 45. e6 Qa2 46. exf7+ Rxf7 47. Rxe8+ Bxe8 48. Qxe8+ Rf8 49. Qe7 1-0

[Event "EU-ch (Women) 15th"]
[Site "Plovdiv"]
[Date "2014.07.11"]
[Round "6"]
[White "Amrayeva, Aytan"]
[Black "Radeva, Viktoria"]
[Result "1-0"]
[WhiteElo "2065"]
[BlackElo "1937"]
[PlyCount "173"]
[EventDate "2014.07.06"]
[EventType "swiss"]
[EventRounds "11"]
[EventCountry "BUL"]
[SourceTitle "CBM 162"]
[Source "ChessBase"]
[SourceDate "2014.09.17"]
[SourceVersion "1"]
[SourceVersionDate "2014.09.17"]
[SourceQuality "1"]

1. c4 Nf6 2. Nc3 g6 3. g3 Bg7 4. Bg2 0-0 5. d3 d6 6. e4 e5 7. Nge2 Nc6 8. 0-0 Ne8 9. Be3 Kh8 10. Rb1 Ne7 11. d4 exd4 12. Bxd4 f5 13. c5 fxe4 14. Bxg7+ Nxg7 15. cxd6 cxd6 16. Bxe4 Qb6 17. Qd4 Qxd4 18. Nxd4 Ngf5 19. Rfd1 Rd8 20. Ndb5 a6 21. Nc7 Ra7 22. Rd2 b5 23. N7d5 Be6 24. Rbd1 Nxd5 25. Nxd5 Ne7 26. a3 Nxd5 27. Bxd5 Bxd5 28. Rxd5 Rad7 29. Rc1 Re8 30. Rc6 Re5 31. Rdxd6 Rxd6 32. Rxd6 a5 33. Ra6 a4 34. Rb6 Kg7 35. Kg2 Rd5 36. h4 h5 37. Kf1 Re5 38. Rc6 Kf7 39. Rc3 Kf6 40. Rf3+ Kg7 41. Rd3 Kf6 42. f3 Ke6 43. Kf2 Rc5 44. Ke3 Ke5 45. Rc3 Rd5 46. g4 Kf6 47. Rc6+ Kg7 48. Rc2 Kf6 49. Ke4 Re5+ 50. Kd4 Re1 51. Rc6+ Kf7 52. gxh5 gxh5 53. Rc5 b4 54. axb4 Re2 55. Kc3 Re3+ 56. Kc2 Rxf3 57. Rxh5 Rf4 58. Kc3 Ke6 59. Ra5 Rxh4 60. Rxa4 Kd5 61. Ra5+ Kc6 62. Rc5+ Kb6 63. Rd5 Rg4 64. Kb3 Rh4 65. Rg5 Rf4 66. Ka4 Rf6 67. Rg8 Rh6 68. b5 Rh4+ 69. b4 Rh6 70. Rc8 Kb7 71. Rc3 Rg6 72. Ka5 Rh6 73. Rg3 Rh7 74. Rg5 Rh1 75. Rg7+ Kb8 76. Ka6 Rh8 77. b6 Rf8 78. b5 Rh8 79. Rb7+ Ka8 80. Rc7 Kb8 81. Rf7 Rg8 82. Rf6 Rh8 83. b7 Re8 84. Rc6 Rf8 85. Rc8+ Rxc8 86. bxc8Q+ Kxc8 87. Ka7 1-0

[Event "EU-ch (Women) 15th"]
[Site "Plovdiv"]
[Date "2014.07.08"]
[Round "3"]
[White "Ionescu, Irina"]
[Black "Amrayeva, Aytan"]
[Result "0-1"]
[WhiteElo "2253"]
[BlackElo "2065"]
[PlyCount "120"]
[EventDate "2014.07.06"]
[EventType "swiss"]
[EventRounds "11"]
[EventCountry "BUL"]
[SourceTitle "CBM 162"]
[Source "ChessBase"]
[SourceDate "2014.09.17"]
[SourceVersion "1"]
[SourceVersionDate "2014.09.17"]
[SourceQuality "1"]

1. e4 e6 2. Qe2 c5 3. Nf3 Nc6 4. g3 d5 5. exd5 Qxd5 6. Nc3 Qd8 7. Bg2 Nf6 8. d3 a6 9. 0-0 Be7 10. Re1 0-0 11. a4 b6 12. Ne5 Nd4 13. Qd1 Ra7 14. Ne4 Bb7 15. c3 Nf5 16. Qb3 Nd6 17. Nc6 Bxc6 18. Nxf6+ Bxf6 19. Bxc6 Nf5 20. Be4 Rd7 21. Bf4 g5 22. Bd2 Qc7 23. Rad1 Rfd8 24. Bc1 Nd6 25. Bf3 Nf5 26. Qc4 a5 27. Qg4 Ng7 28. Bxg5 Bxg5 29. Qxg5 Rxd3 30. Rxd3 Rxd3 31. Be4 Rd7 32. Bc2 Qd8 33. Qh6 f5 34. g4 Rd6 35. Qf4 Kh8 36. g5 Rd2 37. Bb3 Qd6 38. Qf3 Kg8 39. h4 Rxb2 40. Rd1 Rd2 41. Re1 Rd3 42. Qa8+ Qf8 43. Qb7 Rd6 44. h5 Qd8 45. f4 Nxh5 46. Rxe6 Rxe6 47. Bxe6+ Kh8 48. Qf3 Ng7 49. Bf7 Ne8 50. Qe2 Ng7 51. Kf2 Qc7 52. Qc4 Qd6 53. Ke1 h6 54. g6 Nh5 55. Qe2 Nxf4 56. Qe8+ Kg7 57. Qg8+ Kf6 58. Qh8+ Kg5 59. g7 Qe5+ 60. Kd1 Qe2+ 0-1

[Event "EU-ch (Women) 15th"]
[Site "Plovdiv"]
[Date "2014.07.07"]
[Round "2"]
[White "Amrayeva, Aytan"]
[Black "Manakova, Maria"]
[Result "1/2-1/2"]
[WhiteElo "2065"]
[BlackElo "2273"]
[PlyCount "98"]
[EventDate "2014.07.06"]
[EventType "swiss"]
[EventRounds "11"]
[EventCountry "BUL"]
[SourceTitle "CBM 162"]
[Source "ChessBase"]
[SourceDate "2014.09.17"]
[SourceVersion "1"]
[SourceVersionDate "2014.09.17"]
[SourceQuality "1"]

1. c4 Nf6 2. Nc3 d5 3. cxd5 Nxd5 4. g3 g6 5. Bg2 Nxc3 6. bxc3 Bg7 7. d4 0-0 8. Nf3 c5 9. 0-0 Nc6 10. e3 Qc7 11. Ba3 b6 12. Qe2 Bb7 13. dxc5 Na5 14. Rfd1 bxc5 15. Qb5 Rfc8 16. Rac1 Qb6 17. c4 Ba6 18. Qa4 Rab8 19. Nd2 Rd8 20. Ne4 Rxd1+ 21. Rxd1 Nxc4 22. Bxc5 Bb5 23. Qxa7 Qxa7 24. Bxa7 Rc8 25. h4 h6 26. Rb1 Bc6 27. Rc1 Ne5 28. Bd4 f5 29. Bxe5 Bxe5 30. Nf6+ Kf7 31. Ng4 fxg4 32. Rxc6 Rxc6 33. Bxc6 Ke6 34. Kf1 Bc3 35. Ke2 Kf5 36. Be8 Kf6 37. a4 Ba5 38. Bd7 h5 39. Kd3 Be1 40. Ke2 Ba5 41. Kd3 Be1 42. Ke2 Ba5 43. e4 Bb6 44. Be8 Ba5 45. Bd7 Bb6 46. Bc6 Ke6 47. Be8 Kf6 48. Bd7 Kf7 49. Bc6 Kf6 1/2-1/2

[Event "EU-ch (Women) 15th"]
[Site "Plovdiv"]
[Date "2014.07.06"]
[Round "1"]
[White "Lubbe, Melanie"]
[Black "Amrayeva, Aytan"]
[Result "1-0"]
[WhiteElo "2352"]
[BlackElo "2065"]
[PlyCount "99"]
[EventDate "2014.07.06"]
[EventType "swiss"]
[EventRounds "11"]
[EventCountry "BUL"]
[SourceTitle "CBM 162"]
[Source "ChessBase"]
[SourceDate "2014.09.17"]
[SourceVersion "1"]
[SourceVersionDate "2014.09.17"]
[SourceQuality "1"]

1. e4 d6 2. d4 Nf6 3. Nc3 g6 4. Be3 Nbd7 5. Qd2 c6 6. f3 Qa5 7. g4 b5 8. g5 Nh5 9. Nge2 Bg7 10. Ng3 Nxg3 11. hxg3 a6 12. a4 Rb8 13. Be2 Nb6 14. b3 c5 15. Kf2 Qb4 16. Rhd1 bxa4 17. Nxa4 Qxd2 18. Rxd2 Nd7 19. Ra2 cxd4 20. Bxd4 Bxd4+ 21. Rxd4 h6 22. gxh6 Rxh6 23. Nc3 Bb7 24. Kg2 Rh5 25. Nd5 Bxd5 26. exd5 Nf6 27. Bc4 Rb6 28. g4 Re5 29. f4 Re3 30. g5 Ne4 31. Rxa6 Rb8 32. Ra7 Kf8 33. Bd3 Nc5 34. Kf2 Rh3 35. Bf1 Rh2+ 36. Bg2 Ke8 37. Kg3 Rh7 38. Rc4 e5 39. fxe5 Rh5 40. Rd4 Rh7 41. Rc4 Rh5 42. exd6 Rxg5+ 43. Kh2 Nd7 44. Re4+ Kd8 45. Rh4 Rh5 46. Rxh5 gxh5 47. Bh3 Ne5 48. Kg3 h4+ 49. Kxh4 Rb4+ 50. Kg3 1-0

[Event "World School-ch U17 Girls 9th"]
[Site "Porto Carras"]
[Date "2013.05.09"]
[Round "3"]
[White "Assaubayeva, Diana"]
[Black "Amrayeva, Aytan"]
[Result "0-1"]
[WhiteElo "2011"]
[BlackElo "2001"]
[PlyCount "78"]
[EventDate "2013.05.07"]
[EventType "swiss"]
[EventRounds "9"]
[EventCountry "GRE"]
[SourceTitle "CBM 154 Extra"]
[Source "ChessBase"]
[SourceDate "2013.06.25"]
[SourceVersion "2"]
[SourceVersionDate "2013.06.25"]
[SourceQuality "1"]

1. c4 Nf6 2. Nc3 d5 3. cxd5 Nxd5 4. g3 Nxc3 5. bxc3 c5 6. Bg2 Nc6 7. Nf3 e5 8. d3 Be7 9. 0-0 0-0 10. Bb2 Be6 11. c4 f6 12. h3 Qc7 13. Ne1 Rad8 14. Qb1 f5 15. f4 exf4 16. gxf4 Bd6 17. e3 Rfe8 18. a3 Bf7 19. Rf3 Rd7 20. Qc2 Rde7 21. Kf2 Bh5 22. Rg3 Bxf4 23. exf4 Qxf4+ 24. Rf3 Qh4+ 25. Kg1 Rxe1+ 26. Rxe1 Rxe1+ 27. Rf1 Re2 28. Qc3 Qg3 29. Qxg7+ Qxg7 30. Bxg7 Kxg7 31. Rxf5 Re5 32. Rf2 Bg6 33. Rb2 Re7 34. Rb5 Bxd3 35. Rxc5 Be4 36. Bf1 Re5 37. Rxe5 Nxe5 38. Kf2 Bd3 39. Bg2 b6 0-1

[Event "Wch U16 Girls"]
[Site "Maribor"]
[Date "2012.11.09"]
[Round "2.2"]
[White "Lei, Tingjie"]
[Black "Amrayeva, Aytan"]
[Result "1-0"]
[WhiteElo "2231"]
[BlackElo "1990"]
[PlyCount "71"]
[EventDate "2012.11.08"]
[EventType "swiss"]
[EventRounds "11"]
[EventCountry "SLO"]
[SourceTitle "EXT 2013"]
[Source "ChessBase"]
[SourceDate "2012.11.22"]
[SourceVersion "1"]
[SourceVersionDate "2012.11.22"]
[SourceQuality "1"]

1. c4 g6 2. Nc3 Bg7 3. d4 d6 4. e4 Nf6 5. Nf3 Nc6 6. d5 Nb8 7. Be2 Nbd7 8. Be3 c5 9. h3 a6 10. 0-0 0-0 11. Qd2 Rb8 12. a4 Ne8 13. Rab1 Qc7 14. Nh2 Qd8 15. Rbe1 Nc7 16. Bh6 Nf6 17. Bxg7 Kxg7 18. f4 e6 19. e5 Nfe8 20. Ng4 exd5 21. f5 dxe5 22. Qh6+ Kg8 23. fxg6 hxg6 24. Nxe5 Qd6 25. Bd3 dxc4 26. Nxg6 fxg6 27. Rxf8+ Qxf8 28. Qxg6+ Qg7 29. Bxc4+ Be6 30. Bxe6+ Nxe6 31. Qxe6+ Kh8 32. Nd5 Rd8 33. Qxe8+ Rxe8 34. Rxe8+ Kh7 35. Re7 Qxe7 36. Nxe7 1-0

[Event "EU School-ch U15"]
[Site "Kallithea"]
[Date "2012.06.18"]
[Round "7"]
[White "Sanal, Vahap"]
[Black "Amrayeva, Aytan"]
[Result "1-0"]
[WhiteElo "2277"]
[BlackElo "1922"]
[PlyCount "93"]
[EventDate "2012.06.13"]
[EventType "swiss"]
[EventRounds "9"]
[EventCountry "GRE"]
[SourceTitle "EXT 2024"]
[Source "ChessBase"]
[SourceDate "2023.10.10"]
[SourceVersion "1"]
[SourceVersionDate "2023.10.10"]
[SourceQuality "1"]

1. e4 e6 2. d4 d5 3. Nd2 Nf6 4. e5 Nfd7 5. Bd3 b6 6. Nh3 Ba6 7. Bxa6 Nxa6 8. 0-0 c5 9. c4 Nc7 10. Nf4 dxc4 11. Nxc4 cxd4 12. Qxd4 Bc5 13. Nd6+ Kf8 14. Qe4 Nxe5 15. Nb7 Qd4 16. Nxc5 bxc5 17. Qb7 Qd6 18. Be3 Qb6 19. Qe4 Ng4 20. Bxc5+ Qxc5 21. Rac1 Qd6 22. Rxc7 Rd8 23. Rc6 Qd7 24. h3 Nf6 25. Qb4+ Qe7 26. Qa5 g6 27. Qe5 Kg7 28. g4 h6 29. Nxe6+ Kg8 30. f4 Re8 31. Nc7 Nd7 32. Qxe7 Rxe7 33. Nd5 Re2 34. Rd1 Kg7 35. Nc3 Nb8 36. Rxg6+ fxg6 37. Nxe2 Rc8 38. Rd2 Rc7 39. Kf2 Nd7 40. Kf3 Nb6 41. Nd4 Kf6 42. h4 g5 43. Nb5 Rc5 44. Nc3 Rc6 45. hxg5+ hxg5 46. Ne4+ Kg6 47. f5+ 1-0

[Event "EU School-ch U15"]
[Site "Kallithea"]
[Date "2012.06.16"]
[Round "5"]
[White "Ioannidis, Evgenios"]
[Black "Amrayeva, Aytan"]
[Result "0-1"]
[WhiteElo "1935"]
[BlackElo "1922"]
[PlyCount "38"]
[EventDate "2012.06.13"]
[EventType "swiss"]
[EventRounds "9"]
[EventCountry "GRE"]
[SourceTitle "EXT 2024"]
[Source "ChessBase"]
[SourceDate "2023.10.10"]
[SourceVersion "1"]
[SourceVersionDate "2023.10.10"]
[SourceQuality "1"]

1. e4 d6 2. d4 Nf6 3. Nc3 g6 4. f3 Bg7 5. Be3 c6 6. Qd2 Qa5 7. 0-0-0 Nbd7 8. Kb1 b5 9. h4 b4 10. Nce2 Ba6 11. Nc1 Bxf1 12. Rxf1 Rb8 13. Nge2 h5 14. Ng3 Qb5 15. f4 Nb6 16. b3 Ng4 17. f5 c5 18. fxg6 fxg6 19. d5 Bc3 0-1

[Event "EU School-ch U15"]
[Site "Kallithea"]
[Date "2012.06.13"]
[Round "1"]
[White "Pavlova, Nataliy"]
[Black "Amrayeva, Aytan"]
[Result "1-0"]
[WhiteElo "1657"]
[BlackElo "1922"]
[PlyCount "91"]
[EventDate "2012.06.13"]
[EventType "swiss"]
[EventRounds "9"]
[EventCountry "GRE"]
[SourceTitle "EXT 2024"]
[Source "ChessBase"]
[SourceDate "2023.10.10"]
[SourceVersion "1"]
[SourceVersionDate "2023.10.10"]
[SourceQuality "1"]

1. e4 c5 2. Nf3 Nc6 3. Bb5 g6 4. Bxc6 bxc6 5. d3 Bg7 6. 0-0 d6 7. c3 e6 8. Qa4 Ne7 9. Bg5 0-0 10. Nbd2 h6 11. Bxe7 Qxe7 12. Qxc6 Bd7 13. Qa6 Rfb8 14. Nc4 Bf8 15. Rab1 Bb5 16. Qa5 Qb7 17. Rfe1 d5 18. exd5 exd5 19. Nce5 Be8 20. b3 Qc8 21. Nd2 Rb6 22. Qa3 Qf5 23. Rbd1 Rf6 24. Ndf3 g5 25. h3 h5 26. Qb2 Rh6 27. d4 f6 28. Nd3 c4 29. Nc5 Bd6 30. Qe2 Bf7 31. bxc4 g4 32. Nh4 Qg5 33. g3 f5 34. Qd2 f4 35. Nd3 Rf6 36. c5 Bc7 37. Ng2 gxh3 38. Ngxf4 Qf5 39. Kh2 h4 40. Nxh3 hxg3+ 41. fxg3 Rh6 42. Qxh6 Bh5 43. Rd2 Qf3 44. Qg5+ Kh8 45. Rf2 Qxd3 46. Qxh5+ 1-0

[Event "World School-ch U15 Girls 8th"]
[Site "Iasi"]
[Date "2012.05.01"]
[Round "4"]
[White "Amrayeva, Aytan"]
[Black "Methmani, Nelunika"]
[Result "1-0"]
[WhiteElo "1906"]
[BlackElo "1561"]
[PlyCount "134"]
[EventDate "2012.04.28"]
[EventType "swiss"]
[EventRounds "9"]
[EventCountry "ROU"]
[SourceTitle "EXT 2013"]
[Source "ChessBase"]
[SourceDate "2012.11.22"]
[SourceVersion "1"]
[SourceVersionDate "2012.11.22"]
[SourceQuality "1"]

1. d4 d5 2. e3 Bf5 3. c4 c6 4. Nc3 Nf6 5. cxd5 cxd5 6. Qb3 Qd7 7. Nf3 Nc6 8. Ne5 Qc7 9. f4 e6 10. Bd2 Be7 11. Rc1 0-0 12. Be2 Ne4 13. Nxe4 Bxe4 14. 0-0 f6 15. Nxc6 bxc6 16. Qa4 Rac8 17. Ba6 Rb8 18. b3 f5 19. Ba5 Qd7 20. Qxc6 Qxc6 21. Rxc6 Rf6 22. Rc7 Rg6 23. g3 Bd8 24. Rc5 Bb6 25. Bxb6 axb6 26. Rc7 Ra8 27. Rfc1 h5 28. Rc8+ Rxc8 29. Rxc8+ Kh7 30. Be2 h4 31. Bh5 Rh6 32. Bf7 hxg3 33. Bg8+ Kg6 34. hxg3 Rh1+ 35. Kf2 Rh2+ 36. Ke1 Rxa2 37. Bxe6 Rb2 38. g4 Rxb3 39. gxf5+ Bxf5 40. Bxf5+ Kxf5 41. Kf2 b5 42. Kf3 b4 43. Re8 Rb1 44. Re5+ Kf6 45. Rxd5 b3 46. Rb5 b2 47. Ke4 Ke6 48. Rb6+ Kd7 49. Kd5 Kc7 50. Rc6+ Kd7 51. Rc2 g6 52. e4 Rf1 53. Rxb2 Rxf4 54. Rb7+ Ke8 55. Rg7 Rg4 56. e5 g5 57. Ke6 Kf8 58. Rf7+ Ke8 59. d5 Rb4 60. Rh7 Rb6+ 61. d6 Kf8 62. Rf7+ Kg8 63. Rf5 g4 64. Rg5+ Kf8 65. Rxg4 Rc6 66. Rb4 Ra6 67. Rb8+ Kg7 1-0

[Event "Wch U14 Girls"]
[Site "Caldas Novas"]
[Date "2011.11.20"]
[Round "4"]
[White "Amrayeva, Aytan"]
[Black "Rodionova, Daria"]
[Result "1-0"]
[WhiteElo "1932"]
[BlackElo "1977"]
[PlyCount "75"]
[EventDate "2011.11.18"]
[EventType "swiss"]
[EventRounds "9"]
[EventCountry "BRA"]
[SourceTitle "EXT 2013"]
[Source "ChessBase"]
[SourceDate "2012.11.22"]
[SourceVersion "1"]
[SourceVersionDate "2012.11.22"]
[SourceQuality "1"]

1. d4 Nf6 2. c4 c6 3. Nc3 d5 4. e3 a6 5. Qb3 e6 6. a4 Be7 7. a5 Nbd7 8. Nf3 0-0 9. Bd3 Re8 10. 0-0 Bd6 11. cxd5 cxd5 12. e4 e5 13. Nxe5 Bxe5 14. dxe5 Nxe5 15. Nxd5 Nxd5 16. exd5 Bd7 17. Rd1 Bg4 18. f3 Bxf3 19. gxf3 Nxf3+ 20. Kh1 Nd4 21. Bxh7+ Kxh7 22. Qd3+ f5 23. Qxd4 Re4 24. Qf2 Qf6 25. Ra3 Rae8 26. Re3 Qe5 27. Rxe4 Qxe4+ 28. Qg2 Qa4 29. Rg1 Re7 30. Qg6+ Kg8 31. Qxf5 Rf7 32. Qe6 Qc4 33. Bh6 Kh7 34. Qg6+ Kg8 35. Qg2 Kh7 36. Bxg7 Qd3 37. Bc3 Rd7 38. Qg8+ 1-0

[Event "EU-ch U14 Girls"]
[Site "Albena"]
[Date "2011.09.13"]
[Round "3"]
[White "Ozturk, Hilal"]
[Black "Amrayeva, Aytan"]
[Result "0-1"]
[WhiteElo "1788"]
[BlackElo "1939"]
[PlyCount "100"]
[EventDate "2011.09.11"]
[EventType "swiss"]
[EventRounds "9"]
[EventCountry "BUL"]
[SourceTitle "CBM 144 Extra"]
[Source "ChessBase"]
[SourceDate "2011.10.28"]
[SourceVersion "1"]
[SourceVersionDate "2011.10.28"]
[SourceQuality "1"]

1. e4 e6 2. d4 d5 3. Nd2 dxe4 4. Nxe4 Be7 5. Nf3 Nd7 6. Bd3 Ngf6 7. Ng3 c5 8. c3 b6 9. 0-0 0-0 10. Qe2 Bb7 11. Rd1 Qc7 12. Be3 Rad8 13. Ne1 Nd5 14. Ne4 Nxe3 15. fxe3 Nf6 16. Nxf6+ Bxf6 17. Qf2 Rd5 18. Be4 Rd7 19. Bxb7 Qxb7 20. Qf3 Qc7 21. Rd2 Rfd8 22. Rad1 cxd4 23. exd4 Rd5 24. Nc2 Rf5 25. Qe2 Bg5 26. Rd3 a5 27. Na3 b5 28. Rf3 Rxf3 29. Qxf3 b4 30. Nb5 Qc4 31. a4 bxc3 32. Nxc3 Bf6 33. Nb5 Qxa4 34. Qd3 Qb4 35. Qe2 Rb8 36. Nc7 Bxd4+ 37. Kh1 Qb6 38. Qc4 Bf6 39. Qf4 Rc8 40. Rd7 Qxb2 41. g3 Qe5 42. Qc4 h6 43. Qc6 Qa1+ 44. Kg2 Qb2+ 45. Kh3 Rb8 46. Qa6 h5 47. Qxa5 Qe2 48. Rd2 Qf1+ 49. Rg2 g5 50. g4 Rb3+ 0-1